Introduction to Indian Knowledge System:concepts and applications (Record no. 1312217)

MARC details
000 -LEADER
fixed length control field 00514nam a2200169Ia 4500
005 - DATE AND TIME OF LATEST TRANSACTION
control field 20250612145309.0
008 - FIXED-LENGTH DATA ELEMENTS--GENERAL INFORMATION
fixed length control field 008 250505s9999 xx 000 0 eng d
020 ## - INTERNATIONAL STANDARD BOOK NUMBER
International Standard Book Number 9789391818203
040 ## - CATALOGING SOURCE
Language of cataloging eng
Transcribing agency ILCL
041 ## - LANGUAGE CODE
Language code of text/sound track or separate title eng
Source of code eng
100 ## - MAIN ENTRY--PERSONAL NAME
Personal name Mahadevan, B
245 #0 - TITLE STATEMENT
Title Introduction to Indian Knowledge System:concepts and applications
260 ## - PUBLICATION, DISTRIBUTION, ETC.
Place of publication, distribution, etc. Delhi
Name of publisher, distributor, etc. PHI Learning
Date of publication, distribution, etc. 2024
300 ## - PHYSICAL DESCRIPTION
Extent xxviii,417p.
700 ## - ADDED ENTRY--PERSONAL NAME
Personal name Bhat, Vinayak RajatNagendra Pavana R N
942 ## - ADDED ENTRY ELEMENTS (KOHA)
Koha item type Textbook
Source of classification or shelving scheme
100 ## - MAIN ENTRY--PERSONAL NAME
-- 421489
999 ## -
-- 1312217
-- 1312217
Holdings
Withdrawn status Lost status Damaged status Not for loan Home library Current library Date acquired Source of acquisition Cost, normal purchase price Inventory number Total checkouts Full call number Barcode Date last seen Price effective from Koha item type
        Integrated Law Course library Integrated Law Course library 7-12-24 The Book Seller 795.00 IN-00008 dt.12-07-2024   Y73(Q2) R4 IL1863377 2025-05-06 2025-05-06 Textbook
        Integrated Law Course library Integrated Law Course library 7-12-24 The Book Seller 795.00 IN-00008 dt.12-07-2024   Y73(Q2) R4 IL1863378 2025-05-06 2025-05-06 Textbook
        Integrated Law Course library Integrated Law Course library 7-12-24 The Book Seller 795.00 IN-00008 dt.12-07-2024   Y73(Q2) R4 IL1863379 2025-05-06 2025-05-06 Textbook
Copyright @ Delhi University Library System